| 000 | | | 04044nmc2a22002413x 450 |
| 001 | | | 95dbe9dc-249e-4149-9dab-f5a8fce37677 |
| 005 | | | 20201110171952.0 |
| 100 | ## | $a | 20191114l17971804k l0rusy0189 ca |
| 101 | 0# | $a | rus |
| 102 | ## | $a | RU |
| 105 | ## | $a | y### |
| 122 | 2# | $a | d |
| 200 | 1# | $a | Письма (семь) Иллариону Никитичу Философову и Пелагее Алексеевне от Екатерины [Алексеевны] Мельгуновой |
| | $j | 9 марта 1797 г. - 24 марта 1804 г. |
| | $e | родственного характера, о личных новостях, с известиями о родственниках, с просьбой помочь в решении хозяйственных и имущественных вопросов |
| 215 | ## | $a | 15 л. |
| | $d | 37,5х22 см |
| 251 | ## | $c | Дело |
| 300 | ## | $a | Переписка. Письма Иллариону Никитичу и Пелагее Алексеевне (урожденной Барыковой) Философовым разных лиц |
| 371 | ## | $a | Документ не является опубликованным и широко распространяемым |
| 461 | #0 | $1 | 0014fc847ca-d34a-4b82-9778-496e935fadfb |
| | $1 | 2001 |
| | $a | Философов Алексей Илларионович (1799-1874), генерал-адъютант, воспитатель великих князей Николая и Михаила Николаевичей, временный военный губернатор Петербурга |
| | $1 | 251 |
| | $c | Фонд |
| | $1 | 852 |
| | $j | 1075 |
| 462 | #0 | $1 | 0014a2d8520-e703-4df9-8574-2b1b43e87cba |
| | $1 | 2001 |
| | $a | Личные и имущественные документы И.Н. и П.А. Философовых |
| | $1 | 251 |
| | $c | Опись |
| | $1 | 852 |
| | $j | 3 |
| 801 | #0 | $a | RU |
| | $b | РГИА |
| | $c | 20191114 |
| | $g | RCR |
| 801 | #1 | $a | RU |
| | $b | ГлавНИВЦ |
| | $c | 20191114 |
| | $2 | rusmarc |
| 801 | #2 | $a | RU |
| | $b | ПБ им. Б.Н. Ельцина |
| | $c | 20201110 |
| | $g | RCR |
| | $2 | rusmarc |
| 850 | ## | $a | РГИА |
| 852 | ## | $a | РГИА |
| | $e | Федеральное казенное учреждение "Российский государственный исторический архив" (РГИА) |
| | $j | 73 |
| 937 | ## | $h | РГИА |
| | $d | 12330623 |
| | $a | ASBIBLIO_SCAN |
| 035 | ## | $a | RusGRCC00004692 |
| 856 | ## | $u | http://readingroom.main.prlib.ru/item.aspx?id_node=n151141254&mode=full |